00538nam a2200169Ia 4500008004100000020001800041022001300059040001300072082001400085100001800099245008600117250001100203260006000214300002200274500005800296650001400354191130s1997##################000#0#eng## a9781898507598 a98134904 aACLcACL a618.2 HOB aHobbs, Lesley aThe independent midwife : a guide to independent midwifery practicecLesley Hobbs a2nd ed aHale, Cheshire, EnglandbBooks for Midwives Pressc1997 av, 106 p. ; 23 cm aIncludes bibliographical references (p. 80) and index aMidwifery